01312nam a2200337 c 450000100060000000300100000600500170001600700030003300800410003602000180007704000350009504100130013008200200014310000270016324500980019024600740028825000180036226400370038030000580041733600270047533700330050233800280053550400420056352100530060553400370065854500550069565000680075065000540081865000680087270000340094059926CO-BoRNBP20251112150623.0ta210915s2016 sp a|||jr 001 0dspa d a9788466233972 aCO-BoRNBPbspaerdacCO-BoRNBP1 aspaheng04a510.9bL28c222 aLevy, Joeld1971-eaut13aLa curiosa historia de las matemáticas /cJoel Levy ; traducción Sandra Marín Aragón.34aLas grandes ideas desde los primeros conceptos a la Teoría del Caos a1a. edición 1aMadrid, España :bLibsa,c2016 a192 páginas :bilustraciones, fotografías a color atextobtxt2rdacontent asin mediaciónbn2rdamedia avolumenbnc2rdacarrier aIncluye términos usuales e índice aRecomendado para un público mayor de 12 años tA corious history of mathematics aIncluye datos biográficos del autor en la solapa07aMatemáticasvCuriosidades y enigmasxLiteratura juvenil2lemb07aMatemáticasxHistoriaxLiteratura juvenil2lemb07aMatemáticosvCuriosidades y enigmasxLiteratura juvenil2lemb aMarín Aragón, Sandraetrl